MARC details
| 000 -LEADER |
| campo de control de longitud fija |
01449nam a22002777a 4500 |
| 003 - IDENTIFICADOR DE NÚMERO DE CONTROL |
| campo de control |
OSt |
| 005 - FECHA Y HORA DE LA ÚLTIMA TRANSACCIÓN |
| campo de control |
20230706133745.0 |
| 008 - DATOS DE LONGITUD FIJA--INFORMACIÓN GENERAL |
| campo de control de longitud fija |
221006b |||||||| |||| 00| 0 eng d |
| 040 ## - FUENTE DE CATALOGACIÓN |
| Centro/agencia transcriptor |
Biblioteca Lado V |
| 082 ## - NÚMERO DE LA CLASIFICACIÓN DECIMAL DEWEY |
| Número de clasificación |
980.004.68 |
| Número de ítem |
R696a |
| 100 ## - ENTRADA PRINCIPAL--NOMBRE DE PERSONA |
| 9 (RLIN) |
876 |
| Nombre de persona |
Rodriguez, Emilio Jorge |
| Término indicativo de función/relación |
director |
| 245 ## - MENCIÓN DEL TÍTULO |
| Título |
Anales del Caribe/ |
| Resto del título |
Centro de Estudios del Caribe/ |
| 260 ## - PUBLICACIÓN, DISTRIBUCIÓN, ETC. |
| Fecha de publicación, distribución, etc. |
2000 |
| Nombre del editor, distribuidor, etc. |
Casa de las Americas |
| Lugar de publicación, distribución, etc. |
Cuba |
| 300 ## - DESCRIPCIÓN FÍSICA |
| Dimensiones |
16x23cm |
| Extensión |
400p. |
| 490 ## - MENCIÓN DE SERIE |
| Designación de volumen o secuencia |
2000 |
| Número Internacional Normalizado para Publicaciones Seriadas |
0864-0491 |
| 505 ## - NOTA DE CONTENIDO CON FORMATO |
| Nota de contenido con formato |
Editorial |
| 505 ## - NOTA DE CONTENIDO CON FORMATO |
| Nota de contenido con formato |
Dossier |
| Título |
Mare Pacificum<br/><br/>Los tatuajes polinesios<br/><br/>El ojo<br/><br/>El Estilo Hawaiano<br/><br/>La gran Mancha de Basura del Pacifico<br/><br/>Oceano-Mundo<br/><br/>Escribir<br/><br/>Historias Insulares en el pacifico mexicano<br/><br/>Varua rapa nui<br/><br/>clipperton isla Mexicana<br/><br/>Islas<br/><br/>Islas Japonesas<br/><br/>El surgimiento del mar<br/><br/>Una descolonizacion inconclusa<br/><br/>El pacifico chino<br/><br/> |
| 505 ## - NOTA DE CONTENIDO CON FORMATO |
| Nota de contenido con formato |
Arte |
| Título |
Miradas del pacifico de Moises Barrios |
| 505 ## - NOTA DE CONTENIDO CON FORMATO |
| Nota de contenido con formato |
Panoptico |
| Título |
El oficio<br/><br/>Palco<br/><br/>Alambique<br/><br/>Agora<br/><br/>Personajes secundarios<br/><br/>Otros Mundos |
| 505 ## - NOTA DE CONTENIDO CON FORMATO |
| Nota de contenido con formato |
Critica |
| Título |
Sin Justificar<br/><br/>Esta Noche el Gran Terremoto<br/><br/>Tema Libre<br/><br/>Apocalypse Now<br/><br/>Nuestros Autores |
| 650 #0 - PUNTO DE ACCESO ADICIONAL DE MATERIA--TÉRMINO DE MATERIA |
| Fuente del encabezamiento o término |
Tesauro de Arte & Arquitectura |
| Término de materia o nombre geográfico como elemento de entrada |
ARTE |
| 9 (RLIN) |
702 |
| 650 #0 - PUNTO DE ACCESO ADICIONAL DE MATERIA--TÉRMINO DE MATERIA |
| Fuente del encabezamiento o término |
Tesauro de Arte & Arquitectura |
| Término de materia o nombre geográfico como elemento de entrada |
HISTORIA |
| 650 ## - PUNTO DE ACCESO ADICIONAL DE MATERIA--TÉRMINO DE MATERIA |
| Fuente del encabezamiento o término |
Tesauro de Arte & Arquitectura |
| Término de materia o nombre geográfico como elemento de entrada |
CARIBE |
| 650 ## - PUNTO DE ACCESO ADICIONAL DE MATERIA--TÉRMINO DE MATERIA |
| Fuente del encabezamiento o término |
Tesauro de Arte & Arquitectura |
| Término de materia o nombre geográfico como elemento de entrada |
CRITICA |
| 942 ## - ELEMENTOS DE ENTRADA SECUNDARIOS (KOHA) |
| Fuente del sistema de clasificación o colocación |
Clasificación Decimal Dewey |
| Tipo de ítem Koha |
Libros |
| Parte de la signatura que corresponde a la clasificación (Parte de la clasificación) |
980.004.68 |
| Parte de la signatura que identifica el ejemplar (Parte del ítem) |
R696a |
| Suprimir en OPAC |
No |